[Event "GER-ch 2012-E-V7 serv"]
[Site "GER email"]
[Date "2012.10.04"]
[Round "?"]
[White "Just, Joachim"]
[Black "Loffler, Werner"]
[Result "1/2-1/2"]
[WhiteElo "2011"]
[BlackElo "2051"]
[PlyCount "59"]
[EventDate "2012.10.08"]
[EventType "tourn (corr)"]
[EventRounds "6"]
[EventCountry "GER"]
[SourceTitle "Corr 2015"]
[Source "ChessBase"]
[SourceDate "2015.07.17"]
[SourceVersion "1"]
[SourceVersionDate "2015.07.17"]
[SourceQuality "1"]

1. c4 c6 2. Nf3 d5 3. cxd5 cxd5 4. d4 Nc6 5. Nc3 Nf6 6. Bf4 Bf5 7. e3 e6 8. Qb3 Bb4 9. Bb5 0-0 10. 0-0 Bd6 11. Bxd6 Qxd6 12. Rac1 Rfc8 13. Nh4 Bg4 14. h3 Bh5 15. g4 Bg6 16. Nxg6 hxg6 17. Bxc6 bxc6 18. Rc2 Rab8 19. Qa4 a5 20. Qxa5 Ra8 21. Qc5 Qxc5 22. dxc5 Rcb8 23. a3 Nd7 24. Na2 Rb3 25. Nc1 Rb5 26. Nd3 Rb3 27. Rd1 g5 28. Kg2 f6 29. Nc1 Rb5 30. Nd3 1/2-1/2

[Event "GER-ch 2012-D-V5 serv"]
[Site "GER email"]
[Date "2012.07.23"]
[Round "?"]
[White "Scharf, Wolfgang"]
[Black "Loffler, Werner"]
[Result "1/2-1/2"]
[WhiteElo "2023"]
[BlackElo "2046"]
[PlyCount "95"]
[EventDate "2012.08.13"]
[EventType "tourn (corr)"]
[EventRounds "6"]
[EventCountry "GER"]
[SourceTitle "Corr 2015"]
[Source "ChessBase"]
[SourceDate "2015.07.17"]
[SourceVersion "1"]
[SourceVersionDate "2015.07.17"]
[SourceQuality "1"]

1. d4 Nf6 2. c4 e6 3. Nf3 d5 4. Nc3 c6 5. e3 Nbd7 6. Bd3 dxc4 7. Bxc4 b5 8. Bd3 a6 9. a4 b4 10. Ne4 c5 11. 0-0 Bb7 12. Ned2 Be7 13. Qe2 0-0 14. Rd1 Qc7 15. Nc4 Rfd8 16. Bd2 Be4 17. Bxe4 Nxe4 18. Be1 a5 19. Rac1 Qb7 20. Qc2 Rdc8 21. Nfe5 Nef6 22. Qd3 cxd4 23. exd4 Nd5 24. Bd2 f6 25. Nxd7 Qxd7 26. b3 Bd8 27. Rc2 Ra6 28. g3 Rac6 29. Rdc1 Ne7 30. Rd1 Nf5 31. Bc1 Qd5 32. Bb2 h5 33. Re1 Kf7 34. Qe2 g6 35. Qd3 R8c7 36. f3 Kg7 37. g4 hxg4 38. fxg4 Nh4 39. Rf2 g5 40. Ne3 Qd7 41. Qe4 Rc8 42. Ref1 Rd6 43. Nc4 Rd5 44. Re2 Rc6 45. Ne3 Rdd6 46. Nc4 Rd5 47. Ne3 Rdd6 48. Nc4 1/2-1/2

[Event "GER-ch 2012-C-V9 serv"]
[Site "GER email"]
[Date "2012.07.06"]
[Round "?"]
[White "Loffler, Werner"]
[Black "Packroff, Hermann"]
[Result "1/2-1/2"]
[WhiteElo "2049"]
[BlackElo "1962"]
[PlyCount "67"]
[EventDate "2012.07.12"]
[EventType "tourn (corr)"]
[EventRounds "6"]
[EventCountry "GER"]
[SourceTitle "Corr 2015"]
[Source "ChessBase"]
[SourceDate "2015.07.17"]
[SourceVersion "1"]
[SourceVersionDate "2015.07.17"]
[SourceQuality "1"]

1. Nf3 d5 2. c4 c6 3. d4 Nf6 4. e3 Bf5 5. Nc3 e6 6. Nh4 Bg6 7. Nxg6 hxg6 8. Bd2 Nbd7 9. g3 Be7 10. b3 e5 11. cxd5 exd4 12. exd4 Nxd5 13. Nxd5 cxd5 14. Bg2 Nf6 15. 0-0 0-0 16. Re1 Re8 17. Re5 Qd7 18. Bg5 Ne4 19. Bxe7 Rxe7 20. Qd3 Qd6 21. Rxe7 Qxe7 22. Re1 Qb4 23. Re3 f5 24. f3 Nf6 25. Qc3 Qf8 26. Qd2 Rc8 27. Bf1 Qa3 28. Re1 Qd6 29. Bd3 Qb6 30. Bb1 Re8 31. Rxe8+ Nxe8 32. Qe3 Kf7 33. Kf2 Qa5 34. h4 1/2-1/2

[Event "GER-ch 2012-B-V6 serv"]
[Site "GER email"]
[Date "2012.05.09"]
[Round "?"]
[White "Draeger, Wolfgang"]
[Black "Loffler, Werner"]
[Result "1/2-1/2"]
[WhiteElo "2117"]
[BlackElo "2051"]
[PlyCount "67"]
[EventDate "2012.05.15"]
[EventType "tourn (corr)"]
[EventRounds "6"]
[EventCountry "GER"]
[SourceTitle "Corr 2015"]
[Source "ChessBase"]
[SourceDate "2015.07.17"]
[SourceVersion "1"]
[SourceVersionDate "2015.07.17"]
[SourceQuality "1"]

1. d4 d5 2. c4 c6 3. Nc3 dxc4 4. e3 b5 5. a4 b4 6. Ne4 Qd5 7. Ng3 Nf6 8. Be2 e6 9. e4 Nxe4 10. Bf3 f5 11. Qe2 c3 12. Nxe4 fxe4 13. Bxe4 Qb3 14. Nf3 Ba6 15. Bxc6+ Nxc6 16. Qxa6 Qd5 17. 0-0 Be7 18. bxc3 bxc3 19. Ba3 0-0 20. Bxe7 Nxe7 21. Rac1 Rac8 22. Rfe1 Ng6 23. Re3 c2 24. Qxe6+ Qxe6 25. Rxe6 Nf4 26. Re3 Nd5 27. Re2 Nb4 28. Rd2 Rfd8 29. Ne1 Rc4 30. d5 Rxd5 31. Rxd5 Nxd5 32. Rxc2 Rxa4 33. g3 a5 34. Rc5 1/2-1/2

[Event "GER-ch 2012-B-V6 serv"]
[Site "GER email"]
[Date "2012.05.09"]
[Round "?"]
[White "Felkel, Siegfried"]
[Black "Loffler, Werner"]
[Result "1-0"]
[WhiteElo "2205"]
[BlackElo "2051"]
[PlyCount "71"]
[EventDate "2012.05.15"]
[EventType "tourn (corr)"]
[EventRounds "6"]
[EventCountry "GER"]
[SourceTitle "Corr 2015"]
[Source "ChessBase"]
[SourceDate "2015.07.17"]
[SourceVersion "1"]
[SourceVersionDate "2015.07.17"]
[SourceQuality "1"]

1. d4 Nf6 2. c4 e6 3. g3 d5 4. Nf3 dxc4 5. Bg2 a6 6. 0-0 Nc6 7. e3 Bd7 8. Qe2 b5 9. b3 cxb3 10. axb3 Be7 11. Nc3 Nd5 12. Bd2 0-0 13. Rfc1 Nxc3 14. Bxc3 Ra7 15. e4 Bb4 16. Qe3 Bxc3 17. Rxc3 Qb8 18. d5 exd5 19. exd5 Nb4 20. Ne5 Bc8 21. Qc5 a5 22. Rac1 Na6 23. Qd4 Nb4 24. Be4 h6 25. Bb1 Qa8 26. Rc5 Qb8 27. Qe4 f5 28. Qe2 Rb7 29. Nc6 Nxc6 30. dxc6 Rb6 31. Re5 Qa8 32. Qd1 b4 33. Re7 Kh8 34. Rxc7 Qb8 35. Qd6 Be6 36. Re1 1-0

[Event "GER-ch 2012-B-V6 serv"]
[Site "GER email"]
[Date "2012.05.09"]
[Round "?"]
[White "Loffler, Werner"]
[Black "Garus, Edward"]
[Result "1-0"]
[WhiteElo "2051"]
[BlackElo "2000"]
[PlyCount "69"]
[EventDate "2012.05.15"]
[EventType "tourn (corr)"]
[EventRounds "6"]
[EventCountry "GER"]
[SourceTitle "Corr 2015"]
[Source "ChessBase"]
[SourceDate "2015.07.17"]
[SourceVersion "1"]
[SourceVersionDate "2015.07.17"]
[SourceQuality "1"]

1. d4 Nf6 2. c4 e6 3. Nc3 Bb4 4. e3 0-0 5. Bd3 d5 6. Nf3 c5 7. 0-0 dxc4 8. Bxc4 Nc6 9. Bd3 cxd4 10. exd4 Be7 11. Re1 b6 12. a3 Bb7 13. Bc2 Rc8 14. Qd3 Re8 15. d5 exd5 16. Bg5 Ne4 17. Nxe4 dxe4 18. Qxe4 g6 19. Qh4 h5 20. Bb3 Bxg5 21. Nxg5 Rxe1+ 22. Rxe1 Kg7 23. h3 Qd4 24. Re4 Qd6 25. Nxf7 Qf6 26. Qxf6+ Kxf6 27. Nd6 Nd8 28. Re8 Bc6 29. Rg8 Rb8 30. Bc2 g5 31. Rg6+ Ke5 32. Nc4+ Kd4 33. Ne3 g4 34. hxg4 hxg4 35. Rxg4+ 1-0

[Event "GER-ch 2012-B-V6 serv"]
[Site "GER email"]
[Date "2012.05.09"]
[Round "?"]
[White "Loffler, Werner"]
[Black "Schieweck, Gert"]
[Result "1/2-1/2"]
[WhiteElo "2051"]
[BlackElo "1790"]
[PlyCount "88"]
[EventDate "2012.05.15"]
[EventType "tourn (corr)"]
[EventRounds "6"]
[EventCountry "GER"]
[SourceTitle "Corr 2015"]
[Source "ChessBase"]
[SourceDate "2015.07.17"]
[SourceVersion "1"]
[SourceVersionDate "2015.07.17"]
[SourceQuality "1"]

1. d4 Nf6 2. c4 g6 3. f3 c5 4. d5 Bg7 5. e4 d6 6. Nc3 0-0 7. Bg5 h6 8. Be3 e6 9. Qd2 exd5 10. cxd5 h5 11. Nge2 Nbd7 12. Nf4 a6 13. a4 Ne5 14. Be2 Qa5 15. 0-0 Bd7 16. Rfc1 g5 17. Nh3 Bxh3 18. gxh3 g4 19. hxg4 hxg4 20. fxg4 Qb4 21. Rf1 Rfe8 22. Qc2 Nexg4 23. Bg5 Nxe4 24. Bxg4 Nxg5 25. Qg2 Bxc3 26. bxc3 Qxc3 27. Bf5 f6 28. Be6+ Kh8 29. Kh1 Re7 30. Qf2 Rf8 31. Rae1 Qd4 32. Qxd4 cxd4 33. h4 Nxe6 34. dxe6 f5 35. Rf4 Rf6 36. Kg2 d3 37. Rd1 Rexe6 38. Kf3 Kg7 39. Rxd3 Re7 40. Rb4 Kg6 41. Rd5 Rfe6 42. Rb6 Rd7 43. Rb4 Rc7 44. a5 Rf6 1/2-1/2

[Event "GER-ch44 V06 email"]
[Site "GER email"]
[Date "2012.04.25"]
[Round "?"]
[White "Class, Wolfgang"]
[Black "Loffler, Werner"]
[Result "1/2-1/2"]
[WhiteElo "2083"]
[BlackElo "2051"]
[PlyCount "111"]
[EventDate "2012.04.30"]
[EventType "tourn (corr)"]
[EventRounds "10"]
[EventCountry "GER"]
[SourceTitle "Corr 2015"]
[Source "ChessBase"]
[SourceDate "2015.07.17"]
[SourceVersion "1"]
[SourceVersionDate "2015.07.17"]
[SourceQuality "1"]

1. d4 Nf6 2. c4 e6 3. g3 c5 4. d5 exd5 5. cxd5 b5 6. e4 Nxe4 7. Qe2 Qe7 8. Bg2 f5 9. d6 Qe6 10. Nc3 Bxd6 11. Nh3 Qc4 12. Nxe4 Qxe2+ 13. Kxe2 fxe4 14. Ng5 Nc6 15. Nxe4 Be7 16. Be3 c4 17. Rhd1 Bb7 18. Kf1 0-0-0 19. Nc3 Bf6 20. Nxb5 Bxb2 21. Nd6+ Kc7 22. Nxb7 Kxb7 23. Rdb1 c3 24. Bc1 Rb8 25. Bxb2 cxb2 26. Rxb2+ Kc7 27. Rd2 Rb6 28. Rad1 Rd8 29. f4 g6 30. Bf3 Ra6 31. Kg2 Ra5 32. h4 d6 33. h5 Rc5 34. Re1 d5 35. Re6 Rd6 36. Re8 gxh5 37. Rh8 h6 38. Rb2 Re6 39. Bxh5 Rc3 40. Bf7 Ree3 41. Bxd5 Rxg3+ 42. Kf2 Rg4 43. Rf8 Rg7 44. Bf3 Rd7 45. Rf6 Rdd3 46. Rf7+ Kd6 47. Be4 Rd4 48. Re2 Nb4 49. Rf6+ Kc5 50. f5 Rd6 51. Rf7 Nd3+ 52. Bxd3 Rdxd3 53. Rxa7 Rf3+ 54. Kg2 Kb6 55. Rf7 Rg3+ 56. Kf1 1/2-1/2

[Event "GER-ch44 V06 email"]
[Site "GER email"]
[Date "2012.04.25"]
[Round "?"]
[White "Loffler, Werner"]
[Black "Zill, Eberhard"]
[Result "1/2-1/2"]
[WhiteElo "2051"]
[BlackElo "2140"]
[PlyCount "60"]
[EventDate "2012.04.30"]
[EventType "tourn (corr)"]
[EventRounds "10"]
[EventCountry "GER"]
[SourceTitle "Corr 2015"]
[Source "ChessBase"]
[SourceDate "2015.07.17"]
[SourceVersion "1"]
[SourceVersionDate "2015.07.17"]
[SourceQuality "1"]

1. Nf3 d5 2. g3 Nf6 3. Bg2 c6 4. 0-0 Bg4 5. c4 e6 6. cxd5 Bxf3 7. Bxf3 cxd5 8. Nc3 Nc6 9. d4 Be7 10. Bf4 Qb6 11. e3 Qxb2 12. Qd3 Qa3 13. Rab1 0-0 14. Rb3 Qa6 15. Qxa6 bxa6 16. Be2 Na5 17. Rbb1 Rfc8 18. Na4 Nc4 19. Rb7 Ba3 20. Rb3 Bf8 21. Rc1 h6 22. h4 a5 23. Rb7 Ne4 24. h5 Ned2 25. Rc2 Bb4 26. g4 Nb1 27. Rc1 Nba3 28. Kg2 a6 29. Bd3 Rc6 30. e4 Rd8 1/2-1/2

[Event "GER-ch60 final email"]
[Site "GER email"]
[Date "2012.01.28"]
[Round "?"]
[White "Loffler, Werner"]
[Black "Blask, Gerhard"]
[Result "0-1"]
[WhiteElo "2062"]
[BlackElo "2152"]
[PlyCount "178"]
[EventDate "2012.02.13"]
[EventType "tourn (corr)"]
[EventRounds "13"]
[EventCountry "GER"]
[SourceTitle "Corr 2015"]
[Source "ChessBase"]
[SourceDate "2015.07.17"]
[SourceVersion "1"]
[SourceVersionDate "2015.07.17"]
[SourceQuality "1"]

1. d4 Nf6 2. c4 e6 3. Nf3 Bb4+ 4. Bd2 Qe7 5. g3 Nc6 6. Bg2 Bxd2+ 7. Nbxd2 0-0 8. 0-0 e5 9. dxe5 Nxe5 10. Rc1 d6 11. Re1 Re8 12. Nf1 Bd7 13. Ne3 c6 14. Nd4 Rad8 15. Rc3 a6 16. Qd2 Be6 17. Qc2 d5 18. c5 g6 19. Nf1 Bc8 20. Nd2 h5 21. e3 h4 22. f4 Ned7 23. gxh4 Qf8 24. N2b3 Qh6 25. Qf2 Ng4 26. Qg3 Ndf6 27. Re2 Re7 28. Qe1 Nh5 29. Bf3 Rde8 30. Na5 Qh8 31. Qd2 Ngf6 32. Qd1 Ne4 33. Rcc2 Nhf6 34. Qe1 Bg4 35. Nab3 Qh5 36. Bxg4 Qxg4+ 37. Rg2 Qh3 38. Qe2 Kf8 39. Nf3 Nh5 40. Ne5 Qxh4 41. Rc1 g5 42. Nf3 Qh3 43. fxg5 Nxc5 44. Nxc5 Rxe3 45. Qf1 Rxf3 46. Rf2 Qg4+ 47. Qg2 Qf4 48. Rcf1 Rxf2 49. Qxf2 Qxg5+ 50. Kh1 f6 51. Nxb7 Qg4 52. Qf3 Qh4 53. Qa3+ Kg8 54. Rg1+ Kh8 55. Nd6 Re2 56. Nf7+ Kh7 57. Qd3+ Qe4+ 58. Qxe4+ dxe4 59. Nd6 Rxb2 60. Nxe4 Re2 61. Nc3 Rc2 62. Ne4 Rxa2 63. Rc1 Ra4 64. Ng3 Nxg3+ 65. hxg3 Ra2 66. Rxc6 Kg6 67. Kg1 a5 68. Kf1 a4 69. Ra6 Kg5 70. Ke1 f5 71. Kd1 a3 72. Ra4 Ra1+ 73. Kc2 a2 74. Kb3 Rb1+ 75. Kxa2 Rg1 76. Kb2 Rxg3 77. Kc2 f4 78. Ra8 Re3 79. Rf8 f3 80. Kd2 Re2+ 81. Kd1 Kg4 82. Rf7 Kg3 83. Rg7+ Kf2 84. Rf7 Kg2 85. Rd7 Kf1 86. Rh7 Re5 87. Kd2 Rg5 88. Rf7 Rg2+ 89. Kd1 f2 0-1

[Event "GER-ch67 V08 email"]
[Site "GER email"]
[Date "2012.01.22"]
[Round "?"]
[White "Loffler, Werner"]
[Black "Fischer, Detlev"]
[Result "0-1"]
[WhiteElo "2112"]
[BlackElo "2120"]
[PlyCount "144"]
[EventDate "2012.01.30"]
[EventType "tourn (corr)"]
[EventRounds "6"]
[EventCountry "GER"]
[SourceTitle "Corr 2015"]
[Source "ChessBase"]
[SourceDate "2015.07.17"]
[SourceVersion "1"]
[SourceVersionDate "2015.07.17"]
[SourceQuality "1"]

1. d4 Nf6 2. c4 e6 3. Nf3 Bb4+ 4. Bd2 a5 5. Nc3 b6 6. e3 Bb7 7. Bd3 d6 8. Qc2 0-0 9. 0-0 Bxf3 10. gxf3 Nbd7 11. Kh1 c5 12. Rg1 g6 13. Rad1 cxd4 14. exd4 Bxc3 15. bxc3 Re8 16. f4 Qc7 17. f3 Rac8 18. Qb3 Qb7 19. Rdf1 Qc6 20. Qb2 Red8 21. h4 Nh5 22. Rg5 Ng7 23. Kg2 Re8 24. Kf2 Qc7 25. Rfg1 Kh8 26. Re1 Qd8 27. Qb5 Nf6 28. Rb1 Rb8 29. Rh1 Nfh5 30. Re1 h6 31. Rg4 Kh7 32. Reg1 Nf5 33. Rh1 Qf6 34. Qd7 d5 35. Rb1 dxc4 36. Bxc4 Re7 37. Qc6 Qh8 38. Qe4 Qd8 39. Qe5 Rc7 40. Bd3 Rbc8 41. Rd1 a4 42. a3 b5 43. Qe1 Nf6 44. Rg2 Nd5 45. h5 Qh4+ 46. Kg1 Qxh5 47. Be4 Qh4 48. Qxh4 Nxh4 49. Rg4 Nf5 50. Bxd5 exd5 51. Rb1 Nd6 52. Re1 Re8 53. Rxe8 Nxe8 54. Kf2 Nd6 55. Rg1 b4 56. axb4 Nc4 57. Ke2 Re7+ 58. Kd3 a3 59. f5 g5 60. f4 Nb2+ 61. Kc2 Re2 62. Re1 Rg2 63. fxg5 Nc4 64. Kb3 Rxd2 65. gxh6 a2 66. Ka4 Rb2 67. Ra1 Kxh6 68. Kb5 Kg5 69. Kc6 Ne3 70. b5 Nc2 71. Rxa2 Rxa2 72. Kxd5 Ne3+ 0-1

[Event "GER-chT9 LI-22 Br02 email"]
[Site "GER email"]
[Date "2011.10.17"]
[Round "?"]
[White "Blank, Wolfgang"]
[Black "Loffler, Werner"]
[Result "1-0"]
[WhiteElo "2223"]
[BlackElo "2049"]
[PlyCount "123"]
[EventDate "2011.10.23"]
[EventType "tourn (corr)"]
[EventRounds "8"]
[EventCountry "GER"]
[SourceTitle "Corr 2015"]
[Source "ChessBase"]
[SourceDate "2015.07.17"]
[SourceVersion "1"]
[SourceVersionDate "2015.07.17"]
[SourceQuality "1"]

1. e4 e5 2. Nf3 Nc6 3. Bb5 a6 4. Ba4 Nf6 5. 0-0 Be7 6. Re1 b5 7. Bb3 0-0 8. c3 d6 9. h3 Nb8 10. d4 Nbd7 11. Nbd2 Bb7 12. Bc2 Re8 13. Nf1 Bf8 14. Ng3 g6 15. a4 c5 16. d5 c4 17. Bg5 h6 18. Be3 Nc5 19. Qd2 Kh7 20. Nh2 Qc7 21. Rf1 Bg7 22. f4 bxa4 23. Rf2 a3 24. Rxa3 Rab8 25. Ra1 Bxd5 26. Bxc5 Qxc5 27. fxe5 dxe5 28. exd5 e4 29. Qe2 Rxb2 30. Kh1 Qxd5 31. Raf1 Qe6 32. Ng4 Nxg4 33. hxg4 Re7 34. Rf4 Be5 35. Rxe4 Kg7 36. Qd2 Qd6 37. Qxd6 Bxd6 38. Rxe7 Bxe7 39. Ba4 Rb6 40. Be8 Rf6 41. Rxf6 Bxf6 42. Ne2 Bg5 43. Kg1 Be3+ 44. Kf1 Kf6 45. Ke1 Ke7 46. Ba4 Ke6 47. Kd1 Bf2 48. Kd2 Ke5 49. Be8 f5 50. gxf5 Kxf5 51. Bf7 g5 52. Bxc4 a5 53. Bd3+ Ke5 54. g4 a4 55. Kc2 Be3 56. Kb2 Bc5 57. Bc2 a3+ 58. Kb3 Bf8 59. Bg6 Kf6 60. Bh5 Ke5 61. Nd4 Ke4 62. Nb5 1-0

[Event "GER-chT9 LI-22 Br02 email"]
[Site "GER email"]
[Date "2011.10.17"]
[Round "?"]
[White "Loffler, Werner"]
[Black "Fichtner, Bernd"]
[Result "1/2-1/2"]
[WhiteElo "2049"]
[BlackElo "2038"]
[PlyCount "58"]
[EventDate "2011.10.23"]
[EventType "tourn (corr)"]
[EventRounds "8"]
[EventCountry "GER"]
[SourceTitle "Corr 2015"]
[Source "ChessBase"]
[SourceDate "2015.07.17"]
[SourceVersion "1"]
[SourceVersionDate "2015.07.17"]
[SourceQuality "1"]

1. e4 e5 2. Nf3 Nc6 3. Bb5 a6 4. Ba4 Nf6 5. 0-0 Be7 6. Re1 b5 7. Bb3 d6 8. c3 0-0 9. h3 Na5 10. Bc2 c5 11. d4 Qc7 12. d5 Bd7 13. b3 Nb7 14. Nbd2 g6 15. Nf1 c4 16. b4 a5 17. Bh6 Rfb8 18. a3 Nh5 19. Qd2 Qc8 20. Ng3 Nxg3 21. fxg3 axb4 22. axb4 Rxa1 23. Rxa1 Ra8 24. Rxa8 Qxa8 25. Be3 Qa1+ 26. Kh2 f6 27. g4 Nd8 28. g5 fxg5 29. Nxg5 Kg7 1/2-1/2

[Event "GER-chT9 LI-22 Br02 email"]
[Site "GER email"]
[Date "2011.10.17"]
[Round "?"]
[White "Loffler, Werner"]
[Black "Nyberg, Wilfred"]
[Result "1/2-1/2"]
[WhiteElo "2049"]
[BlackElo "2099"]
[PlyCount "59"]
[EventDate "2011.10.23"]
[EventType "tourn (corr)"]
[EventRounds "8"]
[EventCountry "GER"]
[SourceTitle "Corr 2015"]
[Source "ChessBase"]
[SourceDate "2015.07.17"]
[SourceVersion "1"]
[SourceVersionDate "2015.07.17"]
[SourceQuality "1"]

1. e4 e6 2. d4 d5 3. Nc3 dxe4 4. Nxe4 Nd7 5. Nf3 Ngf6 6. Nxf6+ Nxf6 7. Bd3 c5 8. Be3 Qc7 9. c3 Bd6 10. 0-0 0-0 11. Qe2 b6 12. Bg5 Bb7 13. Bxf6 gxf6 14. Be4 Bxe4 15. Qxe4 Rad8 16. Qh4 cxd4 17. Nxd4 Be7 18. Rad1 Kh8 19. Rd3 Rg8 20. Rfd1 f5 21. Qh5 Bf6 22. g3 a6 23. Qf3 Rd7 24. Ne2 Rxd3 25. Rxd3 Bg5 26. Nd4 Rd8 27. Qh5 Bf6 28. Qh6 Bg7 29. Qe3 Bf6 30. Qh6 1/2-1/2

[Event "GER-chT9 LI-22 Br02 email"]
[Site "GER email"]
[Date "2011.10.17"]
[Round "?"]
[White "Meyer, Klaus Dieter"]
[Black "Loffler, Werner"]
[Result "1-0"]
[WhiteElo "2231"]
[BlackElo "2049"]
[PlyCount "95"]
[EventDate "2011.10.23"]
[EventType "tourn (corr)"]
[EventRounds "8"]
[EventCountry "GER"]
[SourceTitle "Corr 2015"]
[Source "ChessBase"]
[SourceDate "2015.07.17"]
[SourceVersion "1"]
[SourceVersionDate "2015.07.17"]
[SourceQuality "1"]

1. d4 Nf6 2. c4 e6 3. Nf3 d5 4. Nc3 c6 5. Bg5 h6 6. Bh4 dxc4 7. e4 g5 8. Bg3 b5 9. Be2 Bb7 10. 0-0 Nbd7 11. Ne5 Bg7 12. Nxd7 Nxd7 13. Bd6 a6 14. a4 e5 15. Bg4 exd4 16. e5 c5 17. Re1 Nxe5 18. Bxe5 0-0 19. Bxg7 Kxg7 20. Ne2 f5 21. Bh5 f4 22. Nxd4 cxd4 23. Re6 Bc8 24. Rg6+ Kh7 25. axb5 Rf6 26. Rxf6 Qxf6 27. Qc2+ Bf5 28. Qxc4 Rc8 29. Qd5 axb5 30. h3 Rc7 31. Ra8 Be6 32. Qd6 Rd7 33. Qb6 Kg7 34. Qb8 Kh7 35. Qe8 Re7 36. Qd8 Qg7 37. Bd1 Bf5 38. Bb3 h5 39. Qb6 Qe5 40. Ra6 Qg7 41. Qxb5 Qf8 42. Ra5 Bg6 43. Qxg5 d3 44. Kh2 Rd7 45. Be6 d2 46. Bxd7 d1Q 47. Bf5 Bxf5 48. Rxf5 1-0

[Event "GER-chT9 LI-22 Br02 email"]
[Site "GER email"]
[Date "2011.10.17"]
[Round "?"]
[White "Schuler, Wolfgang"]
[Black "Loffler, Werner"]
[Result "1-0"]
[WhiteElo "2171"]
[BlackElo "2049"]
[PlyCount "137"]
[EventDate "2011.10.23"]
[EventType "tourn (corr)"]
[EventRounds "8"]
[EventCountry "GER"]
[SourceTitle "Corr 2015"]
[Source "ChessBase"]
[SourceDate "2015.07.17"]
[SourceVersion "1"]
[SourceVersionDate "2015.07.17"]
[SourceQuality "1"]

1. e4 e5 2. Nf3 Nc6 3. Bb5 a6 4. Ba4 Nf6 5. 0-0 Be7 6. Re1 b5 7. Bb3 0-0 8. c3 d6 9. h3 Nb8 10. d4 Nbd7 11. c4 c6 12. Nc3 b4 13. Na4 c5 14. d5 Re8 15. Bc2 Nf8 16. b3 Ng6 17. Nb2 a5 18. a3 Bd7 19. Ra2 h6 20. Be3 Nh7 21. Qe2 Ng5 22. Rea1 Nxf3+ 23. Qxf3 bxa3 24. Rxa3 Bg5 25. Bxg5 Qxg5 26. Nd3 Qd8 27. Qg3 Rf8 28. f4 exf4 29. Nxf4 Ne5 30. Nh5 g6 31. Nf4 Re8 32. R3a2 Kg7 33. Nd3 h5 34. Rf1 Nxd3 35. Bxd3 Re5 36. Raf2 Be8 37. Bc2 Kh7 38. Rxf7+ Bxf7 39. Rxf7+ Kh6 40. h4 g5 41. Bd1 g4 42. Bxg4 hxg4 43. Qxg4 Qh8 44. Qf4+ Kg6 45. Rd7 Qf8 46. h5+ Kxh5 47. Rf7 Qh8 48. Rf6 Rg8 49. Kf2 Qxf6 50. Qxf6 Rg6 51. Qf4 Rg4 52. Qf8 Rgxe4 53. Qxd6 Re2+ 54. Kg3 Rg5+ 55. Kf3 Rexg2 56. Qc7 R5g4 57. Qxc5 R2g3+ 58. Ke2 Rg2+ 59. Kd3 R2g3+ 60. Kc2 Rg2+ 61. Kc3 R4g3+ 62. Kd4 Rg4+ 63. Ke5 a4 64. Qb4 axb3 65. Qxb3 Rg5+ 66. Kd6 Rf2 67. Qh3+ Kg6 68. Kc6 Rf6+ 69. d6 1-0